Central Library and Information Centre
Sibsagar Girls' College, Sivasagar : Assam

PHYSICAL GEOGRAPHY (Record no. 11083)

MARC details
000 -LEADER
fixed length control field 00564cam a2200205ua 4500
008 - FIXED-LENGTH DATA ELEMENTS--GENERAL INFORMATION
fixed length control field 160327n II |||gr||||Z||||||eng
040 ## - CATALOGING SOURCE
Original cataloging agency MAIN
041 ## - LANGUAGE CODE
-- English
082 ## - DEWEY DECIMAL CLASSIFICATION NUMBER
Classification number 910.02 TIK
100 ## - MAIN ENTRY--PERSONAL NAME
Personal name TIKKHA, DR. R.N.
245 ## - TITLE STATEMENT
Title PHYSICAL GEOGRAPHY
250 ## - EDITION STATEMENT
Edition statement REV & ENL.
260 ## - PUBLICATION, DISTRIBUTION, ETC.
Place of publication, distribution, etc. MEERUT
Name of publisher, distributor, etc. KEDARNATH RAMNATH
Date of publication, distribution, etc. 1998-99
300 ## - PHYSICAL DESCRIPTION
Extent 596:
Dimensions 20CM.
500 ## - GENERAL NOTE
General note Donated Book Madhuri Kamdar, Ex. Studentm, Sibsagar Girls` College on 30-09-2-13
700 ## - ADDED ENTRY--PERSONAL NAME
Personal name TIKKHA, DR. R.N.,
Relator term AUTHOR.
942 ## - ADDED ENTRY ELEMENTS (KOHA)
Koha item type Books
653 ## - INDEX TERM--UNCONTROLLED
Uncontrolled term PHYSICAL GEOGRAPHY
Holdings
Withdrawn status Lost status Damaged status Not for loan Collection code Home library Current library Shelving location Date acquired Total Checkouts Full call number Barcode Date last seen Date last checked out Copy number Price effective from Koha item type Public note
        TBGEO Central Library and Information Centre Sibsagar Girls College Central Library and Information Centre Sibsagar Girls College GEOGRAPHY BOOK RACK 18.03.1987 1 910.02 TIK 09534 09.03.2021 15.02.2021 1 27.02.2020 Books V


Sibsagar Girl's College © 2020. All rights reserved.
Powered by Koha.
Maintained by Abhijit Borpuzari.